Управление моделированием на активных моделях; Молодежь и современные информационные технологии

Podrobná bibliografie
Parent link:Молодежь и современные информационные технологии.— 2003.— С. 172-173
Hlavní autor: Ни Д. А.
Další autoři: Погребной В. К. Владимир Кириллович
Jazyk:ruština
Vydáno: 2003
Témata:
Médium: MixedMaterials Kapitola
KOHA link:https://koha.lib.tpu.ru/cgi-bin/koha/opac-detail.pl?biblionumber=146593

MARC

LEADER 00000naa2a2200000 4500
001 146593
005 20231031144718.0
035 |a (RuTPU)RU\TPU\book\158899 
090 |a 146593 
100 |a 20081030d2003 k y0rusy50 ca 
101 0 |a rus 
102 |a RU 
200 1 |a Управление моделированием на активных моделях  |f Д. А. Ни, В. К. Погребной 
463 0 |0 (RuTPU)RU\TPU\book\66157  |y 5-98928-001-3  |t Молодежь и современные информационные технологии  |o сборник трудов региональной научно-практической конференции студентов, г.Томск, 25-26 февраля 2003 г.  |f Томский политехнический университет  |v С. 172-173  |d 2003  |p 190 с. 
610 1 |a моделирование 
610 1 |a активные модели 
610 1 |a управление 
610 1 |a проектирование 
610 1 |a модульное проектирование 
610 1 |a системы реального времени 
610 1 |a труды учёных ТПУ 
700 1 |a Ни  |b Д. А. 
701 1 |a Погребной  |b В. К.  |c специалист в области информатики и вычислительной техники  |c профессор Томского политехнического университета, доктор технических наук  |f 1942-  |g Владимир Кириллович  |2 stltpush  |3 (RuTPU)RU\TPU\pers\19853 
801 1 |a RU  |b 63413507  |c 20081030  |g PSBO 
801 2 |a RU  |b 63413507  |c 20151222  |g RCR 
942 |c BK